Plane and spherical trigonometry. (Record no. 543932)

000 -LEADER
fixed length control field 00661cam a22002051 4500
082 ## - DEWEY DECIMAL CLASSIFICATION NUMBER
Classification number 516.244
Author Mark KEL
100 1# - MAIN ENTRY--PERSONAL NAME
Personal name Kells, Lyman M.
9 (RLIN) 39203
245 00 - TITLE STATEMENT
Title Plane and spherical trigonometry.
250 ## - EDITION STATEMENT
Edition statement Alternate ed.
260 ## - PUBLICATION, DISTRIBUTION, ETC.
Place of publication, distribution, etc. New York,
-- London,
Name of publisher, distributor, etc. McGraw-Hill book company, inc.,
Date of publication, distribution, etc. 1943.
300 ## - PHYSICAL DESCRIPTION
Extent xvii, 400 p. incl. front.(4 port.) illus., diagrs.
Dimensions 24 cm.
500 ## - GENERAL NOTE
General note "Answers": p. 365-395.
526 ## - STUDY PROGRAM INFORMATION NOTE
Program name 0
Interest level 0
Reading level 0
Title point value 516_244000000000000_KEL
650 #0 - SUBJECT ADDED ENTRY--TOPICAL TERM
Topical term or geographic name entry element MCE
9 (RLIN) 379
650 #0 - SUBJECT ADDED ENTRY--TOPICAL TERM
Topical term or geographic name entry element Plane trigonometry.
9 (RLIN) 39132
650 #0 - SUBJECT ADDED ENTRY--TOPICAL TERM
Topical term or geographic name entry element Spherical trigonometry.
9 (RLIN) 39437
700 1# - ADDED ENTRY--PERSONAL NAME
Personal name Bland, James R.
9 (RLIN) 39438
700 1# - ADDED ENTRY--PERSONAL NAME
Personal name Kern, Willis F.
9 (RLIN) 39439
942 ## - ADDED ENTRY ELEMENTS (KOHA)
Source of classification or shelving scheme
Koha item type Book
Holdings
Withdrawn status Lost status Source of classification or shelving scheme Damaged status Not for loan Permanent Location Current Location Date acquired Total Checkouts Full call number Barcode Date last seen Price effective from Koha item type
          Military College of Engineering (MCE) Military College of Engineering (MCE) 04/07/2014   516.244 KEL MCE-1580 04/07/2014 04/07/2014 Book
© 2023 Central Library, National University of Sciences and Technology. All Rights Reserved.